000 00344 a2200157 4500
001 75289
020 _a8502031910
040 _cAnchieta - Colégio São Paulo
100 _agualtier, José
240 1 0 _aTópicos de fisíca 3
_lpor
245 1 0 _aTópicos de fisíca 3
300 _a458
362 0 _a2001
650 4 _aFísica
942 _cBK
999 _c75289
_d75289